| 000 | 00480cam a2200193ua 4500 | ||
|---|---|---|---|
| 020 | _c3.00 | ||
| 041 |
_aeng _h |
||
| 082 |
_a501 _bHUN/GE |
||
| 100 | _aHunt, Lionel C . | ||
| 245 |
_aCurrent science for pre-degree arts students / _cLionel C Hunt. _hTextual Documents |
||
| 250 |
_a1 / _b. |
||
| 260 |
_aCalicut : _bIndira Press , _c1965. |
||
| 300 | _a216 ; . | ||
| 365 | _a3.00 | ||
| 504 | _a | ||
| 700 | 1 | _aNarayanan, C P . | |
| 942 | _cBK | ||
| 999 |
_c9051 _d9051 |
||